| 000 | 01549cam a22003374a 4500 | ||
|---|---|---|---|
| 999 |
_c219490 _d219490 |
||
| 001 | 13806789 | ||
| 003 | Nust | ||
| 005 | 20170210103013.0 | ||
| 008 | 041204s2005 nyu 001 0 eng | ||
| 010 | _a 2004028685 | ||
| 020 | _a9780141034898 | ||
| 040 |
_aDLC _cDLC _dDLC |
||
| 042 | _apcc | ||
| 050 | 0 | 0 |
_aHM846 _b.F74 2005 |
| 082 | 0 | 0 |
_a330.90511 _bFRI |
| 100 | 1 | _aFriedman, Thomas L. | |
| 245 | 1 | 4 |
_aThe world is flat : _ba brief history of the twenty-first century / _cThomas L. Friedman. |
| 250 | _a1st ed. | ||
| 260 |
_aNew York : _bFarrar, Straus and Giroux, _c2005. |
||
| 300 |
_aviii, 660 p. ; _c24 cm. |
||
| 500 | _aIncludes index. | ||
| 650 | 0 | _aDiffusion of innovations. | |
| 650 | 0 | _aInformation society. | |
| 650 | 0 |
_aGlobalization _xEconomic aspects. |
|
| 650 | 0 |
_aGlobalization _xSocial aspects. |
|
| 856 | 4 | 1 |
_3Table of contents only _uhttp://www.loc.gov/catdir/toc/ecip054/2004028685.html |
| 856 | 4 | 2 |
_3Contributor biographical information _uhttp://www.loc.gov/catdir/enhancements/fy0617/2004028685-b.html |
| 856 | 4 | 2 |
_3Publisher description _uhttp://www.loc.gov/catdir/enhancements/fy0617/2004028685-d.html |
| 856 | 4 | 1 |
_3Sample text _uhttp://www.loc.gov/catdir/enhancements/fy0617/2004028685-s.html |
| 906 |
_a7 _bcbc _corignew _d1 _eecip _f20 _gy-gencatlg |
||
| 942 |
_2ddc _cBK |
||